000 00959cam a22003377a 4500
003 CHAP
005 20220817040944.0
008 971013s1989 r 00010 d
010 _a3399
011 _a4371
035 _a3573
040 _cCHAP
082 _a634.9204
_bF36
110 2 _aFAO
245 1 0 _aForestry policies in Europe
_b: an analysis
260 _aRome :
_bFAO,
_c1989
300 _a120 p
490 0 _aFAO. Montes
_v; 62
590 _aBATCH-UPD
_b10
_c20130110
_lUCH01
_h0847
590 _aBATCH-UPD
_b10
_c20130410
_lUCH01
_h0520
590 _aBATCH-UPD
_b10
_c20130914
_lUCH01
_h0706
590 _aCONVERSION
_b10
_c20130109
_lUCH01
_h1303
650 1 4 _aBosques
_xEuropa.
_914172
650 1 4 _aPolĂ­tica forestal
_xEuropa.
_990578
700 0 _aHilmi, H. A.
700 0 _aHummel, F. C.
_956880
830 0 _aFAO. Montes
_v; 62
_939632
901 _aBK
942 _cLIBRO
949 _a634.9204 F36
_bBC
_cFAO
_d-13094
_eFAO1
_h79577
_i3573
_mD
_si
999 _c3399
_d3399